[Event "Six Seasons WIM"]
[Site "Narayanganj BAN"]
[Date "2010.05.27"]
[Round "8"]
[White "Dutta,J"]
[Black "Shamima,A"]
[Result "1/2-1/2"]
[WhiteElo "2341"]
[BlackElo "2122"]

1.Nf3 d5 2.c4 c6 3.e3 a6 4.b3 Bg4 5.Bb2 Nd7 6.Be2 Ngf6 7.O-O Qc7 8.d4 e6
9.h3 Bh5 10.Nbd2 Bd6 11.Re1 O-O 12.Qc2 Bg6 13.Bd3 Bxd3 14.Qxd3 Bb4 15.a3 Be7
16.e4 dxe4 17.Nxe4 Rfd8 18.Qc2 Nxe4 19.Rxe4 Nf6 20.Re2 Rac8 21.Rae1 b5 22.Qc1 bxc4
23.bxc4 Rb8 24.Qe3 a5 25.d5 cxd5 26.Be5 Qxc4 27.Bxb8 Rxb8 28.Ne5 Qc5 29.Qxc5 Bxc5
30.Rc2 Bxa3 31.Ra1 Bd6 32.Nc6 Rb5 33.g3 h6 34.Rxa5 Rb1+ 35.Kg2 Ne4 36.Ra8+ Kh7
37.Ra7 Kg6 38.Ra5 h5 39.h4 Rd1 40.Ra4 Rb1 41.Ra5 Rd1 42.Ra4 Rb1  1/2-1/2

[Event "XXIX Open A"]
[Site "Zalakaros HUN"]
[Date "2010.05.29"]
[Round "4"]
[White "Horvath,Gy1"]
[Black "Steiner,B"]
[Result "0-1"]
[WhiteElo "2367"]
[BlackElo "2209"]

1.Nf3 d5 2.c4 e6 3.g3 dxc4 4.Qa4+ Nd7 5.Qxc4 a6 6.Bg2 b5 7.Qc2 Bb7 8.O-O Ngf6
9.b3 Be7 10.Bb2 O-O 11.d3 c5 12.Nbd2 Re8 13.Rac1 Rc8 14.Qb1 Bf8 15.Rfd1 Qb6
16.Qa1 h6 17.Rc2 Rcd8 18.Rdc1 e5 19.Nxe5 Nxe5 20.Bxe5 Ng4 21.Bxb7 Qxb7 22.Nf3 f6
23.Bb2 Rxe2 24.Rxe2 Qxf3 25.Rec2 Nxh2 26.Re1 Qh5 27.Kg2 Rxd3 28.Re3 Rd1 29.Rc1 Rd2
30.Rh1 Qd5+ 31.Kh3 Rxf2 32.Qd1 Rd2 33.Qxd2 Qxd2 34.Rxh2 Qxe3  0-1

[Event "2nd Limpedea Cup"]
[Site "Baia Sprie ROM"]
[Date "2010.05.30"]
[Round "7"]
[White "Szabo,At1"]
[Black "Bonte,An"]
[Result "0-1"]
[WhiteElo "2306"]
[BlackElo "2307"]

1.Nf3 d5 2.c4 d4 3.e4 c5 4.d3 Nc6 5.g3 e5 6.Bg2 Bd6 7.O-O Nge7 8.Nh4 f6 9.f4 exf4
10.Bxf4 Bxf4 11.gxf4 O-O 12.Qd2 Be6 13.Na3 a6 14.b3 Qe8 15.Nf3 Qh5 16.Rac1 Qh6
17.Nb1 Bg4 18.a3 a5 19.Rce1 Ng6 20.h3 Bxh3 21.Bxh3 Qxh3 22.Nh2 Nh4 23.Kh1 Rae8
24.Qe2 f5 25.Nd2 fxe4 26.Nxe4 Re7 27.Rf2 Kh8 28.Rg1 h6 29.Rg3 Qxg3 30.Nxg3 Rxe2
31.Nxe2 Re8 32.Nf1 Nf5 33.Kg1 b6 34.Rh2 Kg8 35.Kf2 Re6 36.Rh5 g6 37.Rh3 Kg7
38.Ng1 g5 39.Ne2 g4 40.Rh5 Kg6 41.Rh1 Nce7 42.Nfg3 Re3 43.Rb1 h5 44.b4 h4
45.bxa5 hxg3+ 46.Nxg3 Nxg3 47.Rxb6+ Kh5 48.a6 Re2+ 49.Kg1 Nef5 50.Rb8 Ne3
51.Rh8+ Kg6 52.Rh2 Re1+ 53.Kf2 Ra1  0-1

[Event "Maia Chiburdanidze Cup"]
[Site "Tbilisi GEO"]
[Date "2010.05.31"]
[Round "6"]
[White "Khotenashvili,B"]
[Black "Tqeshelashvili,S"]
[Result "1/2-1/2"]
[WhiteElo "2410"]
[BlackElo "2274"]

1.Nf3 d5 2.c4 c6 3.g3 Nf6 4.Bg2 Bg4 5.Ne5 Bh5 6.cxd5 cxd5 7.Qa4+ Nbd7 8.Nc3 e6
9.g4 Bg6 10.h4 a6 11.Nxd7 Qxd7 12.Qxd7+ Kxd7 13.h5 Be4 14.f3 Bc2 15.g5 Ne8
16.d3 d4 17.Kd2 dxc3+ 18.Kxc2 cxb2 19.Bxb2 Rc8+ 20.Kb3 Rc5 21.f4 h6 22.g6 Nf6
23.gxf7 Rb5+ 24.Kc2 Bd6 25.Bd4 Rc8+ 26.Kd2 Bxf4+ 27.e3 Bc7 28.Rac1 Ba5+ 29.Ke2 Rxc1
30.Rxc1 Ke7 31.a4 Rb3 32.Be4 Kxf7 33.Bg6+ Ke7 34.Bc5+ Kd7 35.Bf8 Rb2+ 36.Kf3 Rh2
37.Bxg7 Nxh5 38.Be5 Rh4 39.d4 Bd8 40.Rb1 b6 41.Ke2 Ng3+ 42.Kf3 Nf5 43.e4 Ne7
44.Bh7 Nc6 45.Bh8 Rh3+ 46.Kf2 Ra3 47.Rd1 Nb4 48.d5 Nd3+ 49.Kf1 e5 50.Rd2 Bg5
51.Rc2 Ra1+ 52.Ke2 Nf4+ 53.Kf3 Rf1+ 54.Kg4 Rg1+ 55.Kf5 Nd3 56.Bg8 Bd8 57.Be6+ Ke8
58.Bc8 Rg5+ 59.Ke6 Rg6+ 60.Kf5 Rg5+ 61.Ke6 Rg6+ 62.Kf5 Rg5+ 63.Ke6  1/2-1/2

[Event "XXIX Open A"]
[Site "Zalakaros HUN"]
[Date "2010.05.31"]
[Round "6"]
[White "Lazar,An"]
[Black "Nagy,Kr"]
[Result "1/2-1/2"]
[WhiteElo "2132"]
[BlackElo "1952"]

1.Nf3 d5 2.c4 c6 3.Qb3 dxc4 4.Qxc4 Nf6 5.g3 e6 6.Bg2 Be7 7.O-O O-O 8.d4 b5
9.Qc2 Bb7 10.Rd1 Qb6 11.Bg5 h6 12.Bxf6 Bxf6 13.Ne5 Rd8 14.e3 Bxe5 15.dxe5 Nd7
16.Qe4 Nc5 17.Qg4 Nd3 18.Qe2 Nxe5 19.Nc3 a6 20.b4 a5 21.a3 axb4 22.axb4 Nc4
23.Ne4 Ne5 24.Nc5 Rxa1 25.Rxa1 Nd7 26.Nxb7 Qxb7 27.Rc1 Ne5 28.Rc5 Nd3 29.Rxc6 Qe7
30.Be4 Nxb4 31.Rb6 Nd5 32.Bxd5 Rxd5 33.Rxb5 Rxb5 34.Qxb5 Qa7 35.Qc6 Qa1+
36.Kg2 Qa7 37.h4 Qe7 38.Kh3 Qf6 39.Qc8+ Kh7 40.Qc2+ Kg8 41.Kg2 Qe5 42.Qc6 Qb8
43.g4 Qd8 44.Kg3 Qb8+ 45.f4  1/2-1/2

[Event "XXIX Open A"]
[Site "Zalakaros HUN"]
[Date "2010.05.31"]
[Round "6"]
[White "Goczo,M"]
[Black "Kernazhitsky,L"]
[Result "0-1"]
[WhiteElo "2234"]
[BlackElo "2354"]

1.Nf3 d5 2.c4 c6 3.b3 Bf5 4.e3 Nf6 5.Bb2 e6 6.Be2 h6 7.O-O Nbd7 8.d3 Bd6
9.cxd5 cxd5 10.e4 dxe4 11.dxe4 Nxe4 12.Bxg7 Rg8 13.Nc3 Rxg7 14.Nxe4 Bxh2+
15.Kxh2 Bxe4 16.Qd4 Nf6 17.Rfd1 Qxd4 18.Rxd4 Rc8 19.Rad1 Ke7 20.g3 Rc5 21.Nd2 Bc6
22.Nc4 Ne4 23.b4 Rf5 24.Rf1 e5 25.Rxe4 Bxe4 26.Ne3 Rfg5 27.Rc1 Kd8 28.b5 f5
29.Rc3 f4 30.Nf1 Rc7 31.Ra3 Rc2 32.gxf4 Rg2+ 33.Kh3 Rxf2 34.Bd3 Rf3+  0-1

[Event "3rd Mayor's Cup"]
[Site "Mumbai IND"]
[Date "2010.06.02"]
[Round "1"]
[White "Ovetchkin,R"]
[Black "Satkar, Chirag"]
[Result "1-0"]
[WhiteElo "2519"]
[BlackElo "1797"]

1.Nf3 d5 2.c4 c6 3.d4 Nf6 4.Qc2 g6 5.Bf4 Bf5 6.Qb3 Qb6 7.e3 Bg7 8.Nc3 O-O
9.h3 Nbd7 10.Be2 dxc4 11.Bxc4 c5 12.O-O Rac8 13.Nd5 Nxd5 14.Bxd5 cxd4 15.Nxd4 Bxd4
16.exd4 Qxd4 17.Be3 Qe5 18.Rfe1 Bc2 19.Qxb7 Rc7 20.Qb5 Rb8 21.Bxf7+ Kxf7
22.Qxe5 Nxe5 23.Bf4 Rc5 24.Bxe5 Rbc8 25.Bd4 R5c7 26.Re5 Rd7 27.Rae1 e6 28.Bc5 Bd3
29.b3 Rdc7 30.Bd6 Rc1 31.Rxe6 R8c6 32.Re7+ Kf6 33.Bb4 Rxe1+ 34.Rxe1 Rc2 35.Rd1 Bf5
36.Rd6+ Ke5 37.Ra6 Rc1+ 38.Kh2 Rc2 39.Kg3 h5 40.h4 Ke4 41.Rxa7 Kd3 42.Ra8 Ke2
43.Re8+ Kd3 44.Re3+ Kd4 45.a3 Bd3 46.Be7 Be4 47.b4 Ra2 48.Bc5+ Kd5 49.Rc3 Bc2
50.b5 Rb2 51.Bb4 Ba4 52.b6 Re2 53.b7 Re8 54.Rc8  1-0

[Event "3rd Mayor's Cup"]
[Site "Mumbai IND"]
[Date "2010.06.06"]
[Round "6"]
[White "Sundararajan,K"]
[Black "Saptarshi,R"]
[Result "1/2-1/2"]
[WhiteElo "2520"]
[BlackElo "2391"]

1.Nf3 d5 2.c4 e6 3.g3 dxc4 4.Qa4+ Nd7 5.Bg2 a6 6.Qxc4 b5 7.Qc2 Bb7 8.O-O Ngf6
9.a4 c5 10.axb5 axb5 11.Rxa8 Qxa8 12.Na3 Bc6 13.d3 Be7 14.Bg5 h6 15.Bxf6 Bxf6
16.Ne1 b4 17.Nc4 O-O 18.Bxc6 Qxc6 19.Nf3 Ra8 20.Nfd2 Ra2 21.Qb3 Ra6 22.Ne4 Be7
23.Rc1 f5 24.Ned2 Bf6 25.Nf3 g5 26.Qd1 g4 27.Nfd2 Bg5 28.e4 Nb6 29.Ne3 Bxe3
30.fxe3 Qd6 31.Qb3 Kg7 32.Rf1 Qe5 33.d4 cxd4 34.Qxb4 dxe3 35.Qe7+ Kg8 36.Rxf5 exf5
37.Qxe5 Ra1+ 38.Kg2 e2 39.Qe8+ Kg7 40.Qe7+ Kg8 41.Qd8+ Kh7 42.Qc7+ Kg8 43.Qd8+ Kh7
44.Qe7+ Kg8 45.Qe8+ Kg7 46.Qe7+ Kg8 47.Qe8+ Kg7  1/2-1/2

[Event "Copper State Int A"]
[Site "Mesa USA"]
[Date "2010.06.08"]
[Round "7"]
[White "Andrianov,Nikolai"]
[Black "Bartholomew,J"]
[Result "1-0"]
[WhiteElo "2409"]
[BlackElo "2451"]

1.Nf3 d5 2.c4 c6 3.cxd5 cxd5 4.d4 Nf6 5.Nc3 Nc6 6.Bf4 Nh5 7.Bd2 e6 8.e4 dxe4
9.Nxe4 Be7 10.Bb5 O-O 11.Bxc6 bxc6 12.O-O Nf6 13.Nxf6+ Bxf6 14.Bb4 Re8 15.Re1 Qd5
16.Bc5 a5 17.Ne5 Ba6 18.b3 g6 19.Rc1 Bg7 20.Bb6 Bb7 21.Rc5 Qd6 22.Bxa5 f6
23.Nc4 Qe7 24.b4 Bf8 25.d5 cxd5 26.Rc7 Qxc7 27.Bxc7 dxc4 28.Qd4 Bd5 29.Qxf6 Bg7
30.Qg5 Rxa2 31.Be5 Rf8 32.f3 Rf5 33.Qd8+ Rf8 34.Qd6 Bxe5 35.Qxe5 Rf7 36.Ra1 Rxa1+
37.Qxa1 Rb7 38.Qc3 Kf7 39.Kf2 Ke7 40.f4 Kd6 41.g4 Rf7 42.Ke3 Kc6 43.Qd4 Kb7
44.Kd2 Rc7 45.Kc3 Bf3 46.h3 h5 47.g5 Bd5 48.f5 gxf5 49.g6 Rc8 50.g7 Ra8 51.b5 Ra3+
52.Kb4 Rg3 53.Qf6 Kb6 54.Qd8+  1-0

[Event "9th TCh-BIH Premier"]
[Site "Bihac BIH"]
[Date "2010.06.09"]
[Round "5"]
[White "Bogut,Z"]
[Black "Gyimesi,Z"]
[Result "0-1"]
[WhiteElo "2468"]
[BlackElo "2600"]

1.Nf3 d5 2.c4 e6 3.cxd5 exd5 4.d4 c6 5.Nc3 Bf5 6.Bg5 Be7 7.Bxe7 Qxe7 8.e3 Nf6
9.Bd3 Bxd3 10.Qxd3 O-O 11.O-O a5 12.Ne5 Nbd7 13.Nxd7 Nxd7 14.a3 a4 15.Qc2 Nb6
16.Rab1 Ra7 17.e4 dxe4 18.Nxe4 Nd5 19.Nc5 b5 20.Rfe1 Qf6 21.Re5 Re7 22.Rbe1 Rfe8
23.Qe4 Qd6 24.Nd3 f6 25.Rxe7 Rxe7 26.Qg4 Rxe1+ 27.Nxe1 Ne7 28.Nd3 Qd5 29.h4 Kf7
30.Nb4 Qf5 31.Qe2 g6 32.d5 cxd5 33.Qxb5 Qb1+ 34.Kh2 Qxb2 35.f4 Qxa3 36.Nxd5 Qb3
37.Nb4 h5 38.f5 Nxf5 39.Qd7+ Kf8 40.Nd3 Qb8+ 41.Kg1 a3 42.Nc5 a2 43.Ne6+ Kg8
44.Qa4 Qb6+  0-1

[Event "9th TCh-BIH Premier"]
[Site "Bihac BIH"]
[Date "2010.06.09"]
[Round "5"]
[White "Bogosavljevic,B"]
[Black "Elez,S"]
[Result "1-0"]
[WhiteElo "2531"]
[BlackElo "2112"]

1.Nf3 d5 2.c4 c6 3.g3 Nf6 4.Bg2 Bf5 5.cxd5 cxd5 6.Qb3 Qc7 7.Nc3 e6 8.d3 a6
9.Bf4 Qc8 10.Na4 Nfd7 11.Rc1 Nc6 12.O-O Be7 13.Ne5 Ndxe5 14.Bxe5 b5 15.Nb6 Qb7
16.Nxa8 Nxe5 17.Nc7+ Kd7 18.e4 dxe4 19.dxe4 Bg4 20.f4 Nc6 21.e5 Qb6+ 22.Kh1 Nd4
23.Qe3 Bc5 24.Nxa6 Qxa6 25.Rxc5 Qa4 26.Qc3  1-0

[Event "Royal Residence Cup"]
[Site "Zhovkva UKR"]
[Date "2010.06.09"]
[Round "2"]
[White "Paci,C"]
[Black "Molnar,P SVK"]
[Result "1-0"]
[WhiteElo "2352"]
[BlackElo "2261"]

1.Nf3 d5 2.c4 dxc4 3.e4 c5 4.Bxc4 Nc6 5.O-O e6 6.Nc3 Nf6 7.d3 Be7 8.e5 Nd7
9.Re1 a6 10.Bf4 O-O 11.Ne4 b5 12.Bb3 Bb7 13.Rc1 Rc8 14.Nfg5 g6 15.Qg4 Nd4
16.Qh4 h5 17.Ng3 Bf3 18.h3 c4 19.dxc4 bxc4 20.Bd1 Nxe5 21.Rxe5 Bxd1 22.Rxd1 Nf3+
23.gxf3 Qxd1+ 24.Kg2 f6 25.Rxe6 fxg5 26.Rxg6+ Kf7 27.Qxh5 Bf6 28.Rxf6+  1-0

[Event "45th Capablanca Mem Open"]
[Site "Havana CUB"]
[Date "2010.06.11"]
[Round "2"]
[White "Linares Napoles,O"]
[Black "Ris,R"]
[Result "1-0"]
[WhiteElo "2322"]
[BlackElo "2426"]

1.Nf3 d5 2.c4 dxc4 3.Qc2 Nf6 4.g3 a6 5.a4 e6 6.Bg2 Nc6 7.Qxc4 Bd6 8.d4 O-O
9.O-O Qe7 10.Rd1 e5 11.dxe5 Nxe5 12.Nxe5 Qxe5 13.Nc3 b5 14.Qh4 Rb8 15.Bf4 Qe6
16.Bxd6 cxd6 17.axb5 axb5 18.Ra7 b4 19.Ne4 Nxe4 20.Bxe4 g6 21.Qf4 Qe5 22.Rxd6 Qxb2
23.Bxg6 b3 24.Bxh7+ Kh8 25.Bd3  1-0

[Event "ch-PAR"]
[Site "Asuncion URU"]
[Date "2010.06.12"]
[Round "2"]
[White "Peralta,E"]
[Black "Vargas,Ga"]
[Result "1/2-1/2"]
[WhiteElo "2265"]
[BlackElo "2069"]

1.Nf3 d5 2.c4 e6 3.d4 Nf6 4.e3 Be7 5.b3 O-O 6.Bd3 c5 7.O-O b6 8.Bb2 Bb7 9.Nc3 Nc6
10.a3 Rc8 11.Re1 cxd4 12.exd4 dxc4 13.bxc4 Na5 14.Ne5 Nc6 15.Nxc6 Bxc6 16.Re3 Qd7
17.Qe2 Rfe8 18.Rd1 Qc7 19.d5 Bd7 20.Ne4 Nxe4 21.Rxe4 e5 22.Bxe5 Bd6 23.Bg3 Bxg3
24.hxg3 Rxe4 25.Qxe4 g6 26.Qf4 Qxf4 27.gxf4 Kf8 28.f3 Rc5 29.Be2 Ba4 30.Rd4 Ke7
31.Kf2 Kd6 32.Re4 b5 33.cxb5 Bxb5 34.Bd1 Bc4 35.g4 Bxd5 36.Rd4 Rc4 37.Rxc4 Bxc4
38.g5 Kc5 39.Ke3 Bd5  1/2-1/2

[Event "ch-NED"]
[Site "Eindhoven NED"]
[Date "2010.06.12"]
[Round "2"]
[White "Reinderman,D"]
[Black "Ernst,S"]
[Result "0-1"]
[WhiteElo "2608"]
[BlackElo "2572"]

1.Nf3 d5 2.c4 c6 3.g3 Nf6 4.Bg2 a6 5.O-O dxc4 6.a4 Nbd7 7.Qc2 e5 8.Qxc4 Nc5
9.Ng5 Qc7 10.d4 exd4 11.Bf4 Qe7 12.Nd2 h6 13.Ngf3 Be6 14.Qxd4 Rd8 15.Qc3 Nd5
16.Qc2 f6 17.Ra3 Qd7 18.Nc4 Bf5 19.Qc1 Ne6 20.Ra1 Ndxf4 21.gxf4 Qc7 22.e3 g5
23.Qc3 Be7 24.Rfd1 Rxd1+ 25.Rxd1 gxf4 26.Nh4 Bh7 27.Bh3 Ng5 28.Bg4 Rg8 29.Kf1 Ne4
30.Bh5+ Kf8 31.Qd4 Rg5 32.Bg6 Rxg6 33.Nxg6+ Bxg6 34.f3 Ng5 35.Kg2 Ne6 36.Qc3 fxe3
37.Qxe3 Nf4+ 38.Kh1 Bf7 39.Rd4 Bxc4 40.Rxf4 Bf7 41.Re4 Ke8 42.Qxh6 Qd6 43.Kg2 a5
44.h4 Kd7 45.Re2 Bc4 46.Rd2 Bd5 47.Re2 Qb4 48.Qg7 f5 49.Kf1 Qxh4 50.Re3 Qf6
51.Qh7 Qg5 52.Re5 Qc1+ 53.Kf2 Qxb2+ 54.Re2 Qf6 55.Ke3 Kd8 56.Kd3 Bxf3 57.Qg8+ Kd7
58.Rd2 Qe5 59.Qa8 Kc7  0-1

[Event "14th FIDE Open"]
[Site "Voronezh RUS"]
[Date "2010.06.13"]
[Round "2"]
[White "Sedenko,A"]
[Black "Potapov,Alexa2"]
[Result "0-1"]
[WhiteElo "2047"]
[BlackElo "2186"]

1.Nf3 d5 2.c4 e6 3.e3 Nf6 4.Be2 Be7 5.O-O O-O 6.b3 b6 7.Bb2 Bb7 8.d3 Nbd7
9.cxd5 Nxd5 10.Nbd2 Bf6 11.d4 c5 12.Ne4 Be7 13.Ng3 Rc8 14.dxc5 Rxc5 15.Nd4 a6
16.Bf3 N7f6 17.b4 Rc4 18.a3 Qa8 19.Be2 Nc3 20.Qb3 Nxe2+ 21.Ndxe2 Bd5 22.Qd3 b5
23.f3 Rd8 24.Nd4 Rcc8 25.Rfc1 Bc4 26.Qb1 Qb8 27.Rd1 Bd6 28.Kf2 Bxg3+ 29.hxg3 Nh5
30.g4 Qg3+ 31.Kg1 Nf6 32.Nc6 Rxd1+ 33.Qxd1 Qc7 34.Bxf6 Qxc6 35.Be7 Qc7 36.Bd6 Qd8
37.Qd4 f6 38.Rc1 e5 39.Qd1 Qe8 40.Rc2 e4 41.Qd4 exf3 42.gxf3 Rd8 43.e4 h5
44.gxh5 Qxh5 45.Qb6 Re8 46.Qc6 Bf7 47.Kg2 f5 48.Qc5 Qg6+ 49.Kf1 fxe4 50.Rg2 Qf6
51.f4 Qa1+ 52.Kf2 e3+ 53.Kf3 Qf1+ 54.Kg3 Qxg2+ 55.Kxg2 e2  0-1

[Event "14th FIDE Open"]
[Site "Voronezh RUS"]
[Date "2010.06.13"]
[Round "2"]
[White "Savenko,I"]
[Black "Polyansky,V"]
[Result "0-1"]
[WhiteElo "2209"]
[BlackElo "1998"]

1.Nf3 d5 2.c4 d4 3.d3 Nc6 4.g3 e5 5.Bg2 Bb4+ 6.Bd2 a5 7.a3 Bxd2+ 8.Nbxd2 f5
9.O-O Nf6 10.b4 Qe7 11.b5 Nd8 12.a4 O-O 13.Nb3 c5 14.Qd2 e4 15.dxe4 fxe4
16.Ne1 b6 17.e3 Be6 18.Rc1 Qf7 19.Qc2 d3 20.Qc3 Qh5 21.f3 Nf7 22.fxe4 Ng4
23.Nf3 Nfe5 24.h4 Nxe3 25.Nbd2 Nxf3+ 26.Bxf3 Qg6 27.Qe5 Nxf1 28.Rxf1 Rae8
29.Bh5 Bf7 30.Qxe8 Qxg3+ 31.Kh1 Qxh4+ 32.Kg2 Qg5+ 33.Kh2 Qxh5+  0-1

[Event "14th FIDE Open"]
[Site "Voronezh RUS"]
[Date "2010.06.15"]
[Round "4"]
[White "Sedenko,A"]
[Black "Napalkov,V"]
[Result "1-0"]
[WhiteElo "2047"]
[BlackElo "2183"]

1.Nf3 d5 2.c4 c6 3.b3 Nf6 4.Bb2 e6 5.g3 Be7 6.Bg2 O-O 7.O-O b5 8.d3 Nbd7
9.Nbd2 a5 10.a4 bxc4 11.bxc4 Rb8 12.Bc3 Bb4 13.Qc2 c5 14.Be5 Rb6 15.Nb1 Bb7
16.Bb2 Qc7 17.Na3 Bxa3 18.Bxa3 d4 19.Rfb1 Rxb1+ 20.Rxb1 Bc6 21.Nd2 Rb8 22.Bxc6 Qxc6
23.Rxb8+ Nxb8 24.Qb3 Qc7 25.Bxc5 Qc8 26.Bxd4 e5 27.Bc3 h5 28.Bxa5  1-0

[Event "14th Master Open"]
[Site "Voronezh RUS"]
[Date "2010.06.15"]
[Round "4"]
[White "Kondenko,A"]
[Black "Gorkavij,V"]
[Result "1/2-1/2"]
[WhiteElo "2238"]
[BlackElo "2383"]

1.Nf3 d5 2.c4 c6 3.Qc2 Nf6 4.g3 g6 5.Bg2 Bg7 6.O-O O-O 7.d3 Re8 8.Bf4 Nbd7
9.cxd5 Nxd5 10.Bd2 e5 11.Nc3 Nxc3 12.bxc3 Nc5 13.Bg5 Qc7 14.e4 Ne6 15.Be3 c5
16.Nd2 Bd7 17.Rae1 Nf4 18.gxf4 exf4 19.Nc4 fxe3 20.Nxe3 Bc6 21.f4 Rad8 22.c4 Bd4
23.Kh1 Bxe3 24.Rxe3 f5 25.Qf2 Qf7 26.Rfe1 fxe4 27.dxe4 Rd4 28.f5 gxf5 29.Rg3+ Kh8
30.exf5 Rxc4 31.Bxc6 bxc6 32.Qb2+ Rd4 33.Re6 Rd8 34.Re1 Qxf5 35.Kg1 Rf8 36.Rg2 Qf6
37.Qe2 c4 38.h3 c3 39.Qe3 Rf4 40.Qxa7 c2 41.Rxc2 Rf3 42.Rg2 Rxh3 43.Qc5 Rh1+
44.Kxh1 Qh4+ 45.Kg1 Qxe1+ 46.Kh2 Rf4 47.Rg8+ Kxg8 48.Qg5+ Kh8 49.Qd8+ Kg7
50.Qg5+ Kf7 51.Qxf4+ Ke6 52.Qc4+ Kd7 53.Qd4+ Kc7 54.Qa7+ Kc8 55.Qa8+ Kd7
56.Qa7+  1/2-1/2

[Event "Open"]
[Site "Teplice CZE"]
[Date "2010.06.16"]
[Round "5"]
[White "Safr,J2"]
[Black "Maly,Jiri"]
[Result "0-1"]
[WhiteElo "1582"]
[BlackElo "1720"]

1.Nf3 d5 2.c4 c6 3.b3 Nf6 4.Bb2 Bg4 5.e3 Nbd7 6.Be2 Bxf3 7.Bxf3 e5 8.g3 Bd6
9.Nc3 e4 10.Bg2 Ne5 11.O-O O-O 12.cxd5 cxd5 13.d4 Nd3 14.Bc1 Bb4 15.Ne2 Rc8
16.f3 Qe7 17.Bd2 Rc6 18.Bxb4 Nxb4 19.fxe4 Nxe4 20.Nf4 Nxg3 21.Rf3 Ne4 22.a3 Nc3
23.Qd2 Na6 24.Rc1 Rfc8 25.b4 Nb8 26.e4 Nxe4 27.Rxc6 bxc6 28.Qe2 Nd7 29.Qa6 Nb6
30.a4 Rf8 31.a5 Qxb4 32.axb6 Qxd4+ 33.Kh1 axb6 34.Ne2 Qc4 35.Ra3 b5 36.Re3 f5
37.Bf1 f4 38.Ng3 Nxg3+  0-1

[Event "14th FIDE Open"]
[Site "Voronezh RUS"]
[Date "2010.06.16"]
[Round "5"]
[White "Filippov,Vl"]
[Black "Polyansky,V"]
[Result "0-1"]
[WhiteElo "2085"]
[BlackElo "1998"]

1.Nf3 d5 2.c4 d4 3.g3 Nc6 4.Bg2 e5 5.d3 Bb4+ 6.Nbd2 a5 7.O-O Nf6 8.Qc2 Be7
9.h3 O-O 10.Re1 Bf5 11.Nh4 Be6 12.Nf1 Nd7 13.Nf3 Nc5 14.g4 f5 15.gxf5 Bxf5
16.Ng3 Bg6 17.Nd2 Bh4 18.Nde4 Bxe4 19.dxe4 d3 20.exd3 Qxd3 21.Qxd3 Nxd3 22.Re3 Nxc1
23.Rxc1 Bg5 24.Nf5 Bxe3 25.Nxe3 Nd4 26.Rd1 Rad8 27.Kf1 Nc2 28.Nd5 c6 29.Rc1 cxd5
30.Rxc2 dxc4 31.Ke2 b5 32.a4 bxa4 33.Rxc4 Rb8 34.Rc2 Rb3 35.Kd1 Rd8+ 36.Kc1 Rbd3
37.Re2 Rd1+ 38.Kc2 Rg1 39.Bf3 Rf8 40.Bg4 Rg2 41.Be6+ Kh8 42.Re3 Rgxf2+  0-1

[Event "45th Capablanca Mem Open"]
[Site "Havana CUB"]
[Date "2010.06.18"]
[Round "8"]
[White "Borges Feria,Y"]
[Black "Olivares Canelles,Francisco"]
[Result "1-0"]
[WhiteElo "2426"]
[BlackElo "2328"]

1.Nf3 d5 2.c4 c6 3.b3 Nf6 4.Bb2 Bf5 5.g3 e6 6.Bg2 Nbd7 7.O-O Be7 8.d4 O-O
9.Nc3 h6 10.e3 Bh7 11.Qe2 Qa5 12.a3 Ne4 13.Rfc1 Qb6 14.b4 Nxc3 15.Bxc3 Qa6
16.Bf1 dxc4 17.Qxc4 Qxc4 18.Bxc4 Nb6 19.Be2 Na4 20.Be1 Rfd8 21.Ne5 Nb6 22.a4 Nd5
23.b5 cxb5 24.axb5 f6 25.Nc4 Bb4 26.Bxb4 Nxb4 27.Bf3 Nd5 28.Na5 Rab8 29.Nb3 Bd3
30.Rxa7 Bxb5 31.Nc5 Kf7 32.Nxb7 Rd7 33.Nd6+ Ke7 34.Nxb5 Rxb5 35.Rxd7+ Kxd7
36.Ra1 Nc7 37.h4 h5 38.Be2 Rd5 39.Ra7 g6 40.Kg2 Rd6 41.Bd3 f5 42.Bc4 Kd8
43.Kf3 Rc6 44.Ra4 Ke7 45.Ke2 Kf6 46.Kd3 Ke7 47.Rb4 Kf6 48.Rb7 Nd5 49.Bxd5 exd5
50.Rb5 Ke6 51.Rb2 Ra6 52.Ke2 Rc6 53.Kf3 Kf6 54.Kf4 Re6 55.Rb5 Rd6 56.Ra5 Rb6
57.Rxd5 Rb2 58.f3 Rf2 59.Rd6+ Kf7 60.Ra6 Rf1 61.d5 Rf2 62.Ra4 Ke8 63.Ra7 Kf8
64.d6 Rd2 65.d7 Rd6 66.Ra8+  1-0

[Event "14th FIDE Open"]
[Site "Voronezh RUS"]
[Date "2010.06.18"]
[Round "6"]
[White "Sedenko,A"]
[Black "Matveenko,Y"]
[Result "0-1"]
[WhiteElo "2047"]
[BlackElo "2144"]

1.Nf3 d5 2.c4 e6 3.e3 Nf6 4.b3 Be7 5.Bb2 c5 6.Be2 Nc6 7.cxd5 exd5 8.O-O O-O
9.d3 Bg4 10.Nbd2 Rc8 11.h3 Bf5 12.a3 Nd7 13.e4 dxe4 14.dxe4 Bg6 15.e5 Qc7
16.Re1 Rcd8 17.Qc1 Ndxe5 18.Nc4 Nxf3+ 19.Bxf3 Nd4 20.Bd1 Bf6 21.Ne3 Rfe8
22.b4 c4 23.Ba4 Re7 24.Ng4 Rxe1+ 25.Qxe1 Nf3+ 26.gxf3 Bxb2 27.Rd1 Rxd1 28.Bxd1 h5
29.Qe8+ Kh7 30.Ne3 Qf4 31.Qd7 Be5 32.Kf1 Bd4 33.Nc2 Bd3+ 34.Kg2 Qg5+ 35.Kh2 Bxf2  0-1

[Event "ch-PAR"]
[Site "Asuncion URU"]
[Date "2010.06.20"]
[Round "6"]
[White "Goiriz,Y"]
[Black "Barrientos,Ed"]
[Result "1-0"]
[WhiteElo "2076"]
[BlackElo "2009"]

1.Nf3 d5 2.c4 c6 3.d4 Nf6 4.Nc3 Bg4 5.Ne5 Bf5 6.g3 e6 7.Bg2 Nbd7 8.O-O Be7
9.cxd5 exd5 10.Nxd7 Qxd7 11.f3 Rd8 12.Be3 Bh3 13.Bf2 O-O 14.e4 Bxg2 15.Kxg2 dxe4
16.fxe4 Bb4 17.Qf3 Bxc3 18.bxc3 Rfe8 19.e5 Nd5 20.c4 Nb6 21.Rac1 Qe6 22.Qb3 Rd7
23.a4 Red8 24.a5 Nc8 25.Bg1 Ne7 26.Rf3 Nf5 27.Rcf1 Nxd4 28.Bxd4 Rxd4 29.Rxf7 Rd2+
30.Kg1 R2d7 31.Rxd7 Rxd7 32.a6 b6 33.Qf3 Rf7 34.Qe4 Re7 35.Re1 g6 36.Rd1 Kg7
37.Qf4 Rf7 38.Qd4 Re7 39.Qd6 Kf7 40.Rf1+ Kg7 41.Qb8 h5 42.Re1 Qxc4 43.e6 Rxe6
44.Qxa7+ Kf6 45.Rf1+ Kg5 46.Qxb6 c5 47.Qd8+ Kh6 48.a7 Ra6 49.a8=Q Rxa8 50.Qxa8 Qd4+
51.Kg2 c4 52.Qf8+ Kg5 53.h4+  1-0

[Event "45th Capablanca Mem Open"]
[Site "Havana CUB"]
[Date "2010.06.20"]
[Round "10"]
[White "Linares Napoles,O"]
[Black "Ramon Pita,V"]
[Result "1-0"]
[WhiteElo "2322"]
[BlackElo "2267"]

1.Nf3 d5 2.c4 d4 3.b4 f6 4.e3 dxe3 5.fxe3 Bg4 6.Qb3 e5 7.c5 Nh6 8.Bb2 c6
9.Nc3 Be7 10.Bc4 Na6 11.d4 exd4 12.O-O-O Qc7 13.Rxd4 Rd8 14.Rxd8+ Qxd8 15.Rd1 Qc8
16.Ne4 Nb8 17.Neg5 Rf8 18.Ne6 Bxe6 19.Bxe6 Qc7 20.Qc4 Nf7 21.Qh4 Rh8 22.Qh5 Bf8
23.Bxf7+  1-0

[Event "14th FIDE Open"]
[Site "Voronezh RUS"]
[Date "2010.06.20"]
[Round "8"]
[White "Kovalenko,Sergey"]
[Black "Igdirov,B"]
[Result "1/2-1/2"]
[WhiteElo "2184"]
[BlackElo "2131"]

1.Nf3 d5 2.c4 c6 3.b3 Nf6 4.Bb2 e6 5.e3 Nbd7 6.Be2 Bd6 7.d4 O-O 8.O-O Ne4
9.Nbd2 f5 10.Ne5 Rf6 11.f4 Rh6 12.Nxe4 Bxe5 13.dxe5 fxe4 14.Qe1 Nf8 15.cxd5 cxd5
16.Bg4 Bd7 17.Qf2 Ng6 18.Rac1 Ne7 19.Rc5 Rc8 20.Rfc1 Rxc5 21.Rxc5 Nc6 22.g3 g5
23.f5 exf5 24.Bxf5 Qf8 25.e6 Qxc5 26.exd7 Qe7 27.Qd2 d4 28.exd4 e3 29.Qe2 Rf6
30.Bd3 Rf2 31.Bc4+ Kf8 32.Qh5 Rxb2 33.Qh6+ Qg7 34.Qd6+  1/2-1/2

[Event "King's Gambit B"]
[Site "Lipetsk RUS"]
[Date "2010.06.24"]
[Round "2"]
[White "Lavretzkij,R"]
[Black "Odnorozhenko,E"]
[Result "1/2-1/2"]
[WhiteElo "2289"]
[BlackElo "2309"]

1.Nf3 d5 2.c4 c6 3.b3 Nf6 4.Bb2 Bf5 5.g3 e6 6.Bg2 Nbd7 7.O-O h6 8.d3 Be7
9.Nbd2 O-O 10.a3 a5 11.Qc2 Bh7 12.Rac1 Qb8 13.Qc3 Rc8 14.h3 b5 15.cxd5 cxd5
16.Qxc8+ Qxc8 17.Rxc8+ Rxc8 18.Rc1  1/2-1/2

[Event "HSG Open"]
[Site "Hilversum NED"]
[Date "2010.06.26"]
[Round "1"]
[White "Piasetski,L"]
[Black "Van der Kooij,P"]
[Result "1-0"]
[WhiteElo "2301"]
[BlackElo "2054"]

1.Nf3 d5 2.c4 c6 3.e3 Nf6 4.d4 Bg4 5.Qb3 Qb6 6.Ne5 Qxb3 7.axb3 e6 8.c5 Nbd7
9.Nxg4 Nxg4 10.b4 Be7 11.b5 Nb8 12.Nc3 a6 13.Bd2 O-O 14.Ra4 cxb5 15.Bxb5 Nf6
16.Ke2 Rc8 17.Rha1 Nbd7 18.b4 Rab8 19.Bd3 g6 20.f3 Bf8 21.g4 Bg7 22.g5 Ne8
23.f4 Nc7 24.b5 axb5 25.Nxb5 Nxb5 26.Bxb5 Nxc5 27.dxc5 Bxa1 28.Rxa1 Rxc5
29.Rb1 b6 30.Rb3 Ra8 31.Bd3 Rb8 32.Bc3 b5 33.Be5 Rb7 34.Rb4 Rc8 35.h4 Ra8
36.Bc2 Rb6 37.Bb3 Kf8 38.Bd4 Rb7 39.h5 Ke7 40.hxg6 hxg6 41.Kd3 Kd6 42.Kc2 Rc8+
43.Kb2 Ra8 44.Bc2 Rc8 45.Bd3 Ra8 46.Kb3 Ra4 47.Bxb5 Rxb4+ 48.Kxb4 Ke7 49.Bc5+ Kd8
50.Ka5 Rb8 51.Bd6 Rc8 52.Kb6 Rc1 53.Bc5 e5 54.fxe5 Rg1 55.Kc6 Rxg5 56.Kd6 Kc8
57.Be8  1-0

[Event "1st Open"]
[Site "Marrakesh MAR"]
[Date "2010.06.26"]
[Round "1"]
[White "Lesbros,B"]
[Black "Peralta,Fe"]
[Result "0-1"]
[WhiteElo "2026"]
[BlackElo "2570"]

1.Nf3 d5 2.c4 e6 3.d4 Nf6 4.Qc2 dxc4 5.Qxc4 a6 6.g3 b5 7.Qc2 Bb7 8.Bg2 Nbd7
9.O-O c5 10.Qd1 cxd4 11.Qxd4 Bc5 12.Qh4 O-O 13.Nc3 Be7 14.Rd1 Ne4 15.Qh3 Nxc3
16.bxc3 Qc8 17.Be3 Nf6 18.Bd4 Bd5 19.Ng5 Bxg2 20.Kxg2 Qc6+ 21.Kg1 h6 22.Nf3 Rac8
23.g4 Qe4 24.Ne5 Nd5 25.f3 Qxe2 26.Re1 Qc2 27.Rac1 Qxa2 28.Ra1 Qd2 29.Qh5 Nf4  0-1

[Event "Scheveningen"]
[Site "Kefar Sava ISR"]
[Date "2010.06.27"]
[Round "6"]
[White "Botvinnik,M ISR"]
[Black "Reshef,O"]
[Result "1-0"]
[WhiteElo "2348"]
[BlackElo "1950"]

1.Nf3 d5 2.c4 c6 3.g3 Nf6 4.Bg2 e6 5.Qc2 Be7 6.O-O O-O 7.d4 Nbd7 8.Nbd2 b6
9.e4 Bb7 10.e5 Ne8 11.Re1 Nc7 12.cxd5 Nxd5 13.Qe4 c5 14.Nb3 c4 15.Nbd2 Qc7
16.Qg4 Nb4 17.Ne4 Rfd8 18.Bh6 g6 19.Bg5 Bxg5 20.Qxg5 Nc2 21.Qh6 Bxe4 22.Rxe4 Nxa1
23.Ng5 Nf8 24.Rh4 Rxd4 25.Rxd4 Rc8 26.Rf4 c3 27.bxc3 Qxe5 28.Rxf7 Qh8 29.Bh3 Re8
30.Rxf8+ Rxf8 31.Bxe6+ Rf7 32.Bxf7+  1-0